La formation : le chemin pour la construction d'un métier (notice n° 1641068)
[ vue normale ]
| 000 -LEADER | |
|---|---|
| fixed length control field | 01067cam a2200217 4500500 |
| 005 - DATE AND TIME OF LATEST TRANSACTION | |
| control field | 20260201102618.0 |
| 041 ## - LANGUAGE CODE | |
| Language code of text/sound track or separate title | fre |
| 042 ## - AUTHENTICATION CODE | |
| Authentication code | dc |
| 100 10 - MAIN ENTRY--PERSONAL NAME | |
| Personal name | Dahan, Jocelyne |
| Relator term | author |
| 245 00 - TITLE STATEMENT | |
| Title | La formation : le chemin pour la construction d'un métier |
| 260 ## - PUBLICATION, DISTRIBUTION, ETC. | |
| Date of publication, distribution, etc. | 2009.<br/> |
| 500 ## - GENERAL NOTE | |
| General note | 41 |
| 520 ## - SUMMARY, ETC. | |
| Summary, etc. | RésuméD’une pratique informelle à la reconnaissance et l’insertion officielles du métier de médiateur familial, il n’a fallu que vingt années. Ce texte propose de retracer cette construction et de soulever les enjeux actuels liés au développement d’un nouveau métier dont l’originalité est de se centrer sur la gestion des conflits de la sphère privée en prenant appui sur les éléments de la sphère publique. |
| 690 ## - LOCAL SUBJECT ADDED ENTRY--TOPICAL TERM (OCLC, RLIN) | |
| Topical term or geographic name as entry element | associations nationales |
| 690 ## - LOCAL SUBJECT ADDED ENTRY--TOPICAL TERM (OCLC, RLIN) | |
| Topical term or geographic name as entry element | diplôme d'État |
| 690 ## - LOCAL SUBJECT ADDED ENTRY--TOPICAL TERM (OCLC, RLIN) | |
| Topical term or geographic name as entry element | formation |
| 690 ## - LOCAL SUBJECT ADDED ENTRY--TOPICAL TERM (OCLC, RLIN) | |
| Topical term or geographic name as entry element | médiation |
| 690 ## - LOCAL SUBJECT ADDED ENTRY--TOPICAL TERM (OCLC, RLIN) | |
| Topical term or geographic name as entry element | professionnalisation |
| 786 0# - DATA SOURCE ENTRY | |
| Note | Empan | 72 | 4 | 2009-02-12 | p. 20-28 | 1152-3336 |
| 856 41 - ELECTRONIC LOCATION AND ACCESS | |
| Uniform Resource Identifier | <a href="https://shs.cairn.info/revue-empan-2008-4-page-20?lang=fr&redirect-ssocas=7080">https://shs.cairn.info/revue-empan-2008-4-page-20?lang=fr&redirect-ssocas=7080</a> |
Pas d'exemplaire disponible.




Réseaux sociaux